[Event "Asia-ch U12"]
[Site "Hikkaduwa"]
[Date "2012.06.26"]
[Round "1.4"]
[White "Harsha, Bharathakoti"]
[Black "Herath, HMAY"]
[Result "1-0"]
[WhiteElo "1980"]
[BlackElo "1594"]
[PlyCount "61"]
[EventDate "2012.06.26"]
[EventType "swiss"]
[EventRounds "9"]
[EventCountry "SRI"]
[SourceTitle "EXT 2024"]
[Source "ChessBase"]
[SourceDate "2023.10.10"]
[SourceVersion "1"]
[SourceVersionDate "2023.10.10"]
[SourceQuality "1"]

1. e4 c5 2. Nf3 d6 3. d4 cxd4 4. Nxd4 Nf6 5. Nc3 g6 6. Be3 Bg7 7. f3 0-0 8. Bc4 Nc6 9. Bb3 Bd7 10. Qd2 Rc8 11. 0-0-0 Ne5 12. Kb1 Nc4 13. Bxc4 Rxc4 14. g4 Qa5 15. Nb3 Qc7 16. e5 Nxg4 17. Nd5 Qd8 18. exd6 exd6 19. fxg4 Bxg4 20. Rdf1 Be6 21. Bg5 Qb8 22. Nf6+ Kh8 23. Nd4 Qc8 24. Bh6 Qd8 25. Bxg7+ Kxg7 26. Rhg1 a6 27. Nh5+ Kh8 28. Qh6 Rg8 29. Nxe6 fxe6 30. Rf7 Rc7 31. Qxh7# 1-0